| 000 | 01221cam a2200337 4500 | ||
|---|---|---|---|
| 008 | 000000n1999 000 0 eng u | ||
| 020 | _a0902797239 | ||
| 035 | _a(Sirsi) u103444 | ||
| 050 | _a711.3 | ||
| 110 |
_aTown and Country Planning Association _93022 |
||
| 245 | 4 | _aThe people: where will they work? Report of TCPA research into the changing geography of employment. | |
| 260 |
_aLondon _bTCPA _c1999 |
||
| 300 | _avi, 240p. ; 26cm. | ||
| 350 | _a27.60 | ||
| 520 | _aA fierce debate rages in UK planning circles about the type and location of new housing which will be needed to meet demand. This report focuses on where and how we will work and the effects this could have on housing policy. It explores in detail changes and developments to working practice region by region. | ||
| 650 | _aTOWN AND COUNTRY PLANNING ASSOCIATION | ||
| 650 | _aEMPLOYMENT | ||
| 650 | _aHOUSING | ||
| 650 | _aPLANNING | ||
| 650 | _aJOBS | ||
| 650 | _aLIFESTYLES | ||
| 650 | _aURBAN TASK FORCE | ||
| 650 | _aREGENERATION | ||
| 650 | _aSUBURBAN AREAS | ||
| 650 | _aTOWNS | ||
| 650 | _aCITIES | ||
| 650 | _aRURAL AREAS | ||
| 690 | _aECONOMIC ISSUES | ||
| 700 |
_aMichael, Breheny _xEditor |
||
| 942 | _n0 | ||
| 999 |
_c100128 _d100128 |
||